Gracie Abrams Songs - Sudden Death - Statistics

General Stats
  • This quiz has been taken 235 times
  • The average score is 12 of 15
Answers on the Grid
Answers color-coded by a green-red scale on the quiz's grid according to % correct below.
Angel of doom
Blowing Smoke
Brush Fire
Camden
End of the world
Everyday
Forbidden
Good Luck Charlie
I miss you, I'm sorry
I should hate you
Land of goodbyes
Lemongrass
Long Sleeves
Look At You
Midnight Oil
November
Painkillers
Playing The Part
Right now
Risk
Rose Garden
Summer Forever
That's So True
The Bottom
The game
The Moon's Shine
This is what the drugs are for
Tough Love
Unsteady
Used To It
 
Answer Stats
Answer % Correct
I miss you, I'm sorry
95%
That's So True
95%
Blowing Smoke
93%
Risk
91%
Camden
82%
Tough Love
81%
Good Luck Charlie
80%
This is what the drugs are for
79%
I should hate you
77%
Long Sleeves
74%
Right now
73%
Painkillers
70%
The Bottom
70%
Brush Fire
66%
Unsteady
66%
No matching quizzes found
Score Distribution
Percent of People with Each Score
Percentile by Number Answered
Your Score History
You have not taken this quiz